000
00334nam a22001457a 4500
008
250422b ||||| |||| 00| 0 eng d
020
_a
9780716760368
041
_a
eng
080
_2
1996
_a
101LEW
082
_2
101LEW
_a
101LEW
100
_a
42
101
_a
FILO
245
_a
PATTERNS IN EVOLUTION
_c
ROGER LEWIN
942
_2
udc
_c
BK
999
_c
60683
_d
60683